Statistics for Countries By Largest City #2

Click here to take the quiz!

General Stats

  • This quiz has been taken 26 times
  • The average score is 9 of 10

Answer Stats

CityCountry% Correct
ShanghaiChina
100%
IstanbulTurkey
100%
New York CityUnited States
100%
MelbourneAustralia
96%
AucklandNew Zealand
96%
DubaiUnited Arab Emirates
96%
New TaipeiTaiwan
92%
Ho Chi Mihn CityVietnam
92%
LagosNigeria
88%
ColomboSri Lanka
71%

Score Distribution

Percentile by Number Answered

Percent of People with Each Score

Your Score History

You have not taken this quiz